000 00830nam a2200181Ia 4500
008 100920s9999 xx 000 0 und d
082 _b67685
_a320 थ 95
100 _aपतंगे रमेश.
245 _aडॉ. हेडगेवार आणि समरसतेची विचार सूत्रे.
260 _bमोरया प्रकाशन, डोंबिवली (पश्चिम), जि. ठाणे.
_c1995
300 _a16
_bसाधी
365 _b6
520 _aराजकारण.
630 _aडॉ. हेडगेवार आणि समरसतेची विचार सूत्रे.
650 _aराजकारण.
730 _aडॉ. हेडगेवार आणि समरसतेची विचार सूत्रे.
942 _cBOOK
999 _c710117
_d710114